US States with Nuclear Power - Sudden Death - Statistics

General Stats
  • This quiz has been taken 30 times
  • The average score is 6 of 32
Answers on the Grid
Answers color-coded by a green-red scale on the quiz's grid according to % correct below.
Alabama
Alaska
Arizona
Arkansas
California
Colorado
Connecticut
Delaware
Florida
Georgia
Hawaii
Idaho
Illinois
Indiana
Iowa
Kansas
Kentucky
Louisiana
Maine
Massachusetts
Maryland
Michigan
Minnesota
Mississippi
Missouri
Montana
Nebraska
Nevada
New Hampshire
New Jersey
New Mexico
New York
North Carolina
North Dakota
Ohio
Oklahoma
Oregon
Pennsylvania
Rhode Island
South Carolina
South Dakota
Tennessee
Texas
Utah
Vermont
Virginia
Washington
West Virginia
Wisconsin
Wyoming
 
Answer Stats
Answer % Correct
California
69%
New York
63%
Pennsylvania
50%
Texas
38%
Florida
31%
Georgia
31%
Illinois
31%
Ohio
31%
Alabama
25%
New Jersey
25%
Arizona
19%
Michigan
19%
Minnesota
19%
North Carolina
19%
Tennessee
19%
Washington
19%
Wisconsin
19%
Louisiana
13%
South Carolina
13%
Arkansas
6%
Connecticut
6%
Delaware
6%
Iowa
6%
Maryland
6%
Mississippi
6%
Missouri
6%
Nebraska
6%
New Hampshire
6%
Vermont
6%
Virginia
6%
Kansas
0%
Massachusetts
0%
No matching quizzes found
Score Distribution
Percent of People with Each Score
Percentile by Number Answered
Your Score History
You have not taken this quiz